00439nam a2200157Ia 4500008004100000040001900041041001200060082003200072100002000104245003300124260004000157300002500197504001900222650001400241850002600255131103s9999 xx 000 0 und d aLoreto College aEnglish aREF/920/CAP-HUMbLCBED/9333 aHumphris, Frank aCaptain CookcFrank Humphris aLoughboroughbLadybird booksc[19?] a50p.b pic.c 18 cm. aIncludes index aBiography aLCBED/REF/920/CAP-HUM